Online katalóg knižníc regiónu Turca

24 adventných príbehov pre Biu, Friederiku a všetky deti (Record no. 21518)

MARC details
000 -LEADER
fixed length control field 02062cam a2200541 a 4500
001 - CONTROL NUMBER
control field 21518
003 - CONTROL NUMBER IDENTIFIER
control field VRT
005 - DATE AND TIME OF LATEST TRANSACTION
control field 20260303145458.0
008 - FIXED-LENGTH DATA ELEMENTS--GENERAL INFORMATION
fixed length control field 240702s1993 xo a br 0000j slo
015 ## - NATIONAL BIBLIOGRAPHY NUMBER
National bibliography number SNBA1993/11
020 ## - INTERNATIONAL STANDARD BOOK NUMBER
International Standard Book Number 8071346063
035 ## - SYSTEM CONTROL NUMBER
System control number SNK000016161
039 #9 - LEVEL OF BIBLIOGRAPHIC CONTROL AND CODING DETAIL [OBSOLETE]
Level of rules in bibliographic description 202407101234
Level of effort used to assign nonsubject heading access points msnk24
Level of effort used to assign subject headings 202407021353
Level of effort used to assign classification VLOAD
Level of effort used to assign subject headings 202406211515
Level of effort used to assign classification AUTHORITY
Level of effort used to assign subject headings 202406190929
Level of effort used to assign classification AUTHORITY
040 ## - CATALOGING SOURCE
Original cataloging agency SNK
Language of cataloging slo
Transcribing agency SNK
Description conventions AACR2
041 1# - LANGUAGE CODE
Language code of text/sound track or separate title slo
Language code of original ger
044 ## - COUNTRY OF PUBLISHING/PRODUCING ENTITY CODE
MARC country code xo
ISO country code SK
072 #7 - SUBJECT CATEGORY CODE
Subject category code 821.112.2-3
Subject category code subdivision Nemecká próza, nemecky písaná
Source konspekt
072 #7 - SUBJECT CATEGORY CODE
Subject category code 821-93
Subject category code subdivision Literatúra pre deti a mládež (beletria)
Source konspekt
080 ## - UNIVERSAL DECIMAL CLASSIFICATION NUMBER
Universal Decimal Classification number 830-3(087.5)
Edition identifier 1981
080 ## - UNIVERSAL DECIMAL CLASSIFICATION NUMBER
Universal Decimal Classification number 821.112.2-32
Edition identifier 2011
080 ## - UNIVERSAL DECIMAL CLASSIFICATION NUMBER
Universal Decimal Classification number 82-93-053.4/.5
Edition identifier 2011
080 ## - UNIVERSAL DECIMAL CLASSIFICATION NUMBER
Universal Decimal Classification number 27-565.2
Edition identifier 2011
080 ## - UNIVERSAL DECIMAL CLASSIFICATION NUMBER
Universal Decimal Classification number 398.332.416
Edition identifier 2011
100 1# - MAIN ENTRY--PERSONAL NAME
Personal name Krosigk, Katharina von
Relationship aut
245 10 - TITLE STATEMENT
Title 24 adventných príbehov pre Biu, Friederiku a všetky deti
Statement of responsibility, etc. Katharina von Krosigk ; preklad Mária Klenková ; obrázky namaľovala Felicitas Kuhn
246 3# - VARYING FORM OF TITLE
Title proper/short title Dvadsaťštyri adventných príbehov pre Biu, Friederiku a všetky deti
250 ## - EDITION STATEMENT
Edition statement 1. vyd.
260 ## - PUBLICATION, DISTRIBUTION, ETC.
Place of publication, distribution, etc. Bratislava
Name of publisher, distributor, etc. Egmont Neografia
Date of publication, distribution, etc. 1993
Place of manufacture Bratislava
Manufacturer Slovenská Grafia, a.s.
300 ## - PHYSICAL DESCRIPTION
Extent 44 s.
Other physical details ilustrácie
Dimensions 22 cm
500 ## - GENERAL NOTE
General note Ilustrácia na titulnej strane
500 ## - GENERAL NOTE
General note Názov z obálky
500 ## - GENERAL NOTE
General note Pravdepodobne preložené z nemčiny
650 07 - SUBJECT ADDED ENTRY--TOPICAL TERM
Topical term or geographic name entry element advent
Source of heading or term SNKPH
650 07 - SUBJECT ADDED ENTRY--TOPICAL TERM
Topical term or geographic name entry element Vianoce
Source of heading or term SNKPH
655 #7 - INDEX TERM--GENRE/FORM
Genre/form data or focus term nemecké príbehy
Source of term SNKPH
655 #7 - INDEX TERM--GENRE/FORM
Genre/form data or focus term literatúra pre deti
Source of term SNKPH
700 1# - ADDED ENTRY--PERSONAL NAME
Personal name Klenková, Mária
Relationship trl
700 1# - ADDED ENTRY--PERSONAL NAME
Personal name Kuhn, Felicitas,
Dates associated with a name 1926-2022
Relationship ill
942 ## - ADDED ENTRY ELEMENTS (KOHA)
Source of classification or shelving scheme Dewey Decimal Classification
Koha item type Krásna literatúra pre deti
Suppress in OPAC No
949 ## - LOCAL PROCESSING INFORMATION (OCLC)
6 17A1010824
a snkSC 84712
949 ## - LOCAL PROCESSING INFORMATION (OCLC)
6 17A0255104
9 P60, <05>, [BOOK], {605}
a snkSC 84712 D1
b snkKSP 9459/93
949 ## - LOCAL PROCESSING INFORMATION (OCLC)
6 4710703678
a strmkM
b strmk2008/3678
949 ## - LOCAL PROCESSING INFORMATION (OCLC)
6 4710703679
a strmkM
b strmk2008/3679
949 ## - LOCAL PROCESSING INFORMATION (OCLC)
6 3869A05958
a bpksh830-3(087.5)
b bpksh45842
949 ## - LOCAL PROCESSING INFORMATION (OCLC)
6 273K0183347
a svkpoB 62350
b svkpo396849
o PV 286/94
Holdings
Stav vyradenia Strata Poškodenie Spôsob nadobudnutia Domovská knižnica Aktuálna knižnica Dátum nadobudnutia Total checkouts Čiarový kód exemplára Date last seen Typ exemplára
      Dar Obecná knižnica Horná Štubňa Obecná knižnica Horná Štubňa 03.03.2026   4736201612 03.03.2026 Krásna literatúra pre deti
Projekt je podporený Slovenskou asociáciou knižníc
Prevádzkuje Turčianska knižnica Martin 2026